Countries With the Most Tigers - Statistics

General Stats
  • This quiz has been taken 80 times
  • The average score is 11 of 12
Answer Stats
# of tigers Country % Correct
3,400 India
100%
55 China
97%
200 Nepal
95%
405 Thailand
93%
750 Russia
92%
340 Indonesia
89%
355 Malaysia
89%
5 Vietnam
86%
430 Bangladesh
85%
100 Bhutan
85%
3 Laos
84%
26 Myanmar
84%
No matching quizzes found
Score Distribution
Percent of People with Each Score
Percentile by Number Answered
Your Score History
You have not taken this quiz